000 00459nam a2200133 4500
005 20260116123549.0
008 260116b |||||||| |||| 00| 0 eng d
020 _a0070411557
100 _aMayo E William and Cwialala Martin
245 _aSchaum's Outline of Theory and Problems of Programming with Fortran77
_c/ William .E. Mayo
260 _aUnited States of America;
_bThe McGraw-Hill Companies,Inc.
_c1995
300 _avi, 346 p.
_c27.5cm
942 _2lcc
_n0
_cBK
999 _c128
_d128